Normal view
MARC view
- Maj Qamar Naseem
Entry Personal Name
001 - CONTROL NUMBER
- control field: 51413
003 - CONTROL NUMBER IDENTIFIER
- control field: NUST
005 - DATE AND TIME OF LATEST TRANSACTION
- control field: 20210314134955.0
008 - FIXED-LENGTH DATA ELEMENTS
- fixed length control field: 210314|| aca||aabn | a|a d
040 ## - CATALOGING SOURCE
- Original cataloging agency: NUST
- Transcribing agency: NUST
100 ## - HEADING--PERSONAL NAME
- Personal name: Maj Qamar Naseem
670 ## - SOURCE DATA FOUND
- Source citation: Work cat.: (NUST): Maj Qamar Naseem, Forensic Distress Evaluation of Cadets Block PAF Academy Asghar Khan , 2018.
